[Event "I Weekend A"]
[Site "Noale ITA"]
[Date "2008.02.08"]
[Round "1"]
[White "Scali, Fausto"]
[Black "Bonafede, Alessandro"]
[WhiteElo "2029"]
[BlackElo "2299"]
[Result "0-1"]
[PlyCount "96"]
[EventDate "2008.02.08"]

1. e4 c5 2. Nf3 Nc6 3. d4 cxd4 4. Nxd4 Nf6 5. Nc3 e5 6. Ndb5 d6 7. Bg5 a6 8.
Na3 b5 9. Nd5 Be7 10. Nxe7 Nxe7 11. Bd3 Nd7 12. b4 h6 13. Bd2 d5 14. exd5 Nxd5
15. c4 bxc4 16. Nxc4 O-O 17. O-O Qe7 18. Be4 N7f6 19. Bxd5 Nxd5 20. Bxh6 Nxb4
21. Bd2 Nd3 22. Bg5 Qxg5 23. Qxd3 Be6 24. Qe3 Qxe3 25. Nxe3 Rfd8 26. a3 f5 27.
Rfd1 f4 28. Nf1 e4 29. g3 f3 30. h4 Kf7 31. Rxd8 Rxd8 32. Re1 Rd4 33. Ne3 Kf6
34. Rb1 Rd3 35. Ra1 Ke5 36. Kf1 a5 37. Ke1 a4 38. Nd1 Rb3 39. Kd2 Kd4 40. Ke1
Bc4 41. Ne3 Rxe3+ 42. fxe3+ Kxe3 43. Kd1 f2 44. Kc2 f1=Q 45. Rxf1 Bxf1 46. Kd1
Kf2 47. g4 e3 48. h5 e2+ 0-1

[Event "I Weekend A"]
[Site "Noale ITA"]
[Date "2008.02.08"]
[Round "1"]
[White "Solinas, Carlo"]
[Black "Gromovs, Sergejs"]
[WhiteElo "2047"]
[BlackElo "2378"]
[Result "0-1"]
[PlyCount "118"]
[EventDate "2008.02.08"]

1. e4 c5 2. d4 cxd4 3. c3 d3 4. c4 Nf6 5. Bxd3 Nc6 6. Nc3 g6 7. Nf3 d6 8. h3
Bg7 9. O-O O-O 10. Be3 Bd7 11. Qd2 Re8 12. Rac1 b6 13. Rfd1 Rc8 14. b3 Qc7 15.
Be2 Qb7 16. Ne1 a6 17. f4 b5 18. c5 b4 19. Na4 Nxe4 20. Qd3 Nc3 21. Qxa6 Qxa6
22. Bxa6 Ra8 23. Nxc3 bxc3 24. Bc4 Rxa2 25. cxd6 exd6 26. Rxd6 Rxe3 27. Rxd7
Re7 28. Rxe7 Nxe7 29. Nc2 Rb2 30. Kf2 Nf5 31. Ke2 Nd4+ 32. Kd3 Nxb3 33. Bxb3
Rxb3 34. Re1 Rb8 35. g3 Rd8+ 36. Ke3 Kf8 37. Re2 Ke7 38. g4 Kd6 39. Kf3 Rd7 40.
Re4 Kc5 41. h4 Rd3+ 42. Re3 Rd2 43. Ne1 Rd7 44. Re8 f5 45. Rc8+ Kb4 46. Rb8+
Kc4 47. Rc8+ Kb3 48. Rb8+ Ka2 49. gxf5 gxf5 50. Rb5 Rd1 51. Ke2 Rd2+ 52. Kf3
Bf6 53. Ke3 Bd4+ 54. Kf3 Rf2+ 55. Kg3 Re2 56. Ra5+ Kb3 57. Nf3 Bf2+ 58. Kh3 c2
59. Rb5+ Ka4 0-1

[Event "I Weekend A"]
[Site "Noale ITA"]
[Date "2008.02.08"]
[Round "1"]
[White "Vezzosi, Paolo"]
[Black "Rigo, Gianfrancesco"]
[WhiteElo "2343"]
[BlackElo "2031"]
[Result "1-0"]
[PlyCount "127"]
[EventDate "2008.02.08"]

1. d4 Nf6 2. c4 e6 3. Nc3 Bb4 4. Nf3 c5 5. e3 Ne4 6. Qc2 Qa5 7. Qxe4 Bxc3+ 8.
Nd2 Bb4 9. d5 O-O 10. a3 d6 11. dxe6 Nc6 12. Qb1 Bxd2+ 13. Bxd2 Qd8 14. Bd3 Qh4
15. g3 Qh5 16. exf7+ Rxf7 17. f4 Bh3 18. Qd1 Qh6 19. Qe2 Re8 20. O-O-O Qe6 21.
Rde1 Bg4 22. Qg2 Bf5 23. e4 Bh3 24. Qe2 Nd4 25. Qh5 Bg4 26. Qd5 Qd7 27. h3 Be6
28. Qh5 Nb3+ 29. Kc2 Qa4 30. Bc3 Bxc4 31. Bxc4 Qxc4 32. Qd5 Nd4+ 33. Kb1 Qxd5
34. exd5 Rfe7 35. Rxe7 Rxe7 36. Bxd4 cxd4 37. g4 Kf7 38. Kc2 Re4 39. Rf1 Re2+
40. Kb3 Kf6 41. a4 Re3+ 42. Kc4 Rxh3 43. Re1 d3 44. Kc3 Rh2 45. Kxd3 Rxb2 46.
Re6+ Kf7 47. Rxd6 Rb4 48. Rd7+ Kf6 49. g5+ Kg6 50. Ke3 h5 51. d6 h4 52. Rc7 Rb6
53. d7 Rd6 54. Rxb7 Kf5 55. d8=Q Rxd8 56. Rxg7 Kg4 57. Rxa7 Rf8 58. g6 Rg8 59.
Ra5 h3 60. Rg5+ Kh4 61. Kf3 Rg7 62. a5 h2 63. Kg2 Rg8 64. g7 1-0

[Event "I Weekend A"]
[Site "Noale ITA"]
[Date "2008.02.08"]
[Round "1"]
[White "Vianello, Enrico"]
[Black "Bozzao, Francesco"]
[Result "1/2-1/2"]
[WhiteElo "2161"]
[BlackElo "1917"]
[PlyCount "74"]
[EventDate "2008.02.08"]

1. d4 Nf6 2. Bg5 Ne4 3. Bf4 e6 4. e3 d5 5. Bd3 Bd6 6. Bg3 O-O 7. Nd2 f5 8. Ngf3
Nc6 9. c4 Nb4 10. Be2 c5 11. Bxd6 Qxd6 12. O-O Nc6 13. Rc1 b6 14. cxd5 exd5 15.
Qc2 Qg6 16. dxc5 bxc5 17. Nb3 Nb4 18. Qb1 c4 19. Nbd4 Nc6 20. Rfd1 Nxd4 21.
Rxd4 Be6 22. Nd2 Rf6 23. Nf1 Raf8 24. b3 cxb3 25. Qxb3 f4 26. exf4 Rxf4 27. f3
Ng5 28. Rxf4 Nh3+ 29. Kh1 Nxf4 30. Ng3 Kh8 31. Bf1 h5 32. Qb4 Qf6 33. Ne2 Nd3
34. Qc3 Nxc1 35. Qxc1 Rc8 36. Qd2 Qa1 37. Kg1 Qf6 1/2-1/2

[Event "I Weekend A"]
[Site "Noale ITA"]
[Date "2008.02.08"]
[Round "1"]
[White "Vincenzi, Marco"]
[Black "Scalcione, Michelangelo"]
[Result "0-1"]
[WhiteElo "2074"]
[BlackElo "2431"]
[PlyCount "62"]
[EventDate "2008.02.08"]

1. e4 e5 2. Nf3 d6 3. d4 exd4 4. Nxd4 Nf6 5. Nc3 Be7 6. Be3 O-O 7. Qd2 Re8 8.
O-O-O c6 9. Kb1 b5 10. f3 b4 11. Nce2 Bf8 12. g4 d5 13. g5 Nfd7 14. exd5 cxd5
15. Bf4 Qb6 16. h4 Bb7 17. h5 Na6 18. Bh3 Nac5 19. Rdg1 g6 20. hxg6 hxg6 21.
Bxd7 Nxd7 22. Be3 Ne5 23. Bf2 Nxf3 24. Qf4 Nxg1 25. Bxg1 Qd6 26. Qh4 Bg7 27.
Bh2 Qe7 28. Nb5 Qxe2 29. Nd6 Bc6 30. Nxe8 Rxe8 31. Bg3 Qh5 0-1

[Event "I Weekend A"]
[Site "Noale ITA"]
[Date "2008.02.08"]
[Round "1"]
[White "Xia, Jie"]
[Black "Codenotti, Marco"]
[Result "1-0"]
[WhiteElo "2222"]
[BlackElo "1992"]
[PlyCount "63"]
[EventDate "2008.02.08"]

1. e4 c5 2. Nf3 g6 3. Bc4 Nc6 4. c3 Bg7 5. O-O d6 6. h3 Nf6 7. d3 O-O 8. Be3
Rb8 9. Qd2 b5 10. Bb3 Ba6 11. Bh6 b4 12. Bxg7 Kxg7 13. Re1 Ne5 14. d4 Nd3 15.
Re3 c4 16. Bc2 bxc3 17. bxc3 Rb2 18. Qd1 Qa5 19. a3 d5 20. Bxd3 cxd3 21. exd5
Qxd5 22. Nbd2 e6 23. Qa4 Bb5 24. Qxa7 Rc8 25. Ne5 Nd7 26. c4 Bxc4 27. Ndxc4
Rxc4 28. Nxc4 Qxc4 29. Qxd7 d2 30. Rf3 Qc1+ 31. Rxc1 dxc1=Q+ 32. Kh2 1-0

[Event "I Weekend A"]
[Site "Noale ITA"]
[Date "2008.02.09"]
[Round "2"]
[White "Bonafede, Alessandro"]
[Black "Lazic, Miroljub"]
[WhiteElo "2299"]
[BlackElo "2512"]
[Result "0-1"]
[PlyCount "78"]
[EventDate "2008.02.08"]

1. e4 Nc6 2. Nf3 d6 3. h3 Nf6 4. Nc3 e5 5. d4 exd4 6. Nxd4 Be7 7. g3 Bd7 8. Bg2
O-O 9. O-O Re8 10. b3 Bf8 11. Bb2 g6 12. Nd5 Bg7 13. Nxc6 Bxc6 14. Qd3 Nxd5 15.
Bxg7 Nf4 16. gxf4 Kxg7 17. Qc3+ Kg8 18. Rfe1 Qh4 19. Qg3 Qf6 20. Rad1 Qb2 21.
f5 Qxc2 22. Qg5 Qc3 23. Re3 Qg7 24. Qh4 f6 25. Rde1 Re5 26. f4 g5 27. fxg5 fxg5
28. Qg4 Kh8 29. Rg3 Rg8 30. Rf1 Qf6 31. Kh2 Rg7 32. Rd1 h6 33. Rgd3 Rge7 34.
Rd4 Be8 35. Bf3 Bf7 36. Qg2 d5 37. exd5 Rxf5 38. R1d3 Bh5 39. d6 cxd6 0-1

[Event "I Weekend A"]
[Site "Noale ITA"]
[Date "2008.02.09"]
[Round "2"]
[White "Bozzao, Francesco"]
[Black "Genocchio, Daniele"]
[Result "0-1"]
[WhiteElo "1917"]
[BlackElo "2425"]
[PlyCount "56"]
[EventDate "2008.02.08"]

1. d4 Nf6 2. c4 e6 3. Nf3 c5 4. d5 b5 5. e3 Bb7 6. dxe6 fxe6 7. Be2 bxc4 8.
Bxc4 Nc6 9. Nc3 d5 10. Be2 Bd6 11. Nb5 Bb8 12. Qc2 O-O 13. O-O a6 14. Nc3 Ng4
15. h3 Qc7 16. g3 Nxf2 17. Rxf2 Qxg3+ 18. Rg2 Rxf3 19. Rxg3 Rxg3+ 20. Kf2 Bd6
21. Ne4 Rf8+ 22. Ke1 Nb4 23. Qa4 Bc6 24. Qxc6 Rg1+ 25. Kd2 Nxc6 26. Nxd6 Rf2
27. e4 Nd4 28. Nb7 Rgg2 0-1

[Event "I Weekend A"]
[Site "Noale ITA"]
[Date "2008.02.09"]
[Round "2"]
[White "Codenotti, Marco"]
[Black "Vincenzi, Marco"]
[WhiteElo "1992"]
[BlackElo "2074"]
[Result "0-1"]
[PlyCount "48"]
[EventDate "2008.02.08"]

1. e4 e6 2. d4 d5 3. Nc3 Nf6 4. Bg5 Bb4 5. e5 h6 6. Bc1 Ne4 7. Qg4 g6 8. Nge2
c5 9. a3 cxd4 10. axb4 dxc3 11. f3 Nd2 12. Nxc3 Nxf1 13. Kxf1 Nc6 14. Qf4 g5
15. Qg3 Nd4 16. Qf2 Nf5 17. g4 Nh4 18. Nb5 O-O 19. Be3 Bd7 20. Nd6 f5 21. Bc5
fxg4 22. Nxb7 Qc7 23. Bxf8 Rxf8 24. Qxa7 Qxc2 0-1

[Event "I Weekend A"]
[Site "Noale ITA"]
[Date "2008.02.09"]
[Round "2"]
[White "Del Monaco, Andrea"]
[Black "Djuric, Stefan"]
[Result "0-1"]
[WhiteElo "2263"]
[BlackElo "2448"]
[PlyCount "38"]
[EventDate "2008.02.08"]

1. e4 e5 2. Nc3 Nf6 3. f4 d5 4. fxe5 Nxe4 5. Qf3 Nxc3 6. bxc3 Be7 7. d4 O-O 8.
Bd3 c5 9. Qh5 g6 10. Qh6 c4 11. Be2 f6 12. Nf3 Nc6 13. h4 Bf5 14. exf6 Bxf6 15.
Ng5 Qd7 16. Bf4 Rae8 17. Kd2 Nxd4 18. cxd4 c3+ 19. Ke1 Bxd4 0-1

[Event "I Weekend A"]
[Site "Noale ITA"]
[Date "2008.02.09"]
[Round "2"]
[White "Gallo, Enrico"]
[Black "Cecchetto, Vanni"]
[Result "1/2-1/2"]
[WhiteElo "2066"]
[BlackElo "1956"]
[PlyCount "100"]
[EventDate "2008.02.08"]

1. e4 c5 2. Nf3 a6 3. d4 cxd4 4. Nxd4 Nf6 5. Nc3 e5 6. Nde2 Bc5 7. Ng3 d6 8.
Be2 Nc6 9. Bg5 h6 10. Bxf6 Qxf6 11. O-O Qd8 12. Nd5 O-O 13. c3 Ne7 14. a4 Be6
15. Bc4 Rb8 16. Qd3 Kh8 17. Rad1 b5 18. axb5 axb5 19. Bxb5 Nxd5 20. exd5 Bg4
21. Ra1 f5 22. b4 e4 23. Qc4 Bb6 24. Kh1 Qh4 25. Ra6 e3 26. Rxb6 Rxb6 27. f3
Rfb8 28. fxg4 f4 29. Qxf4 Rxb5 30. Nf5 Qf6 31. Qxe3 Rxd5 32. Kg1 Rf8 33. Ng3
Qd8 34. Rxf8+ Qxf8 35. h3 Re5 36. Qd2 Qe7 37. Kh2 Re3 38. Qd4 Qe5 39. Qxe5 dxe5
40. c4 Rc3 41. c5 Rc4 42. Nf5 Rxb4 43. Ne7 e4 44. Kg3 g5 45. Kf2 Rc4 46. c6 Kg7
47. Ke3 Kf7 48. Nf5 Rxc6 49. Kxe4 Re6+ 50. Kf3 Ra6 1/2-1/2

[Event "I Weekend A"]
[Site "Noale ITA"]
[Date "2008.02.09"]
[Round "2"]
[White "Gromovs, Sergejs"]
[Black "Pastres, Roberto"]
[Result "1-0"]
[WhiteElo "2378"]
[BlackElo "2123"]
[PlyCount "65"]
[EventDate "2008.02.08"]

1. d4 d5 2. c4 dxc4 3. Nf3 a6 4. a4 Nf6 5. e3 Bg4 6. Bxc4 e6 7. Qb3 Bxf3 8.
gxf3 Ra7 9. Rg1 Qd6 10. f4 c5 11. dxc5 Qxc5 12. Nc3 Nc6 13. Rg5 Qb4 14. Qxb4
Nxb4 15. Ke2 g6 16. Bd2 Be7 17. h4 Ra8 18. Rd1 Nd7 19. Ne4 Bxg5 20. hxg5 Nc6
21. Bc3 Rg8 22. Bf6 Nb6 23. Bb3 Rb8 24. Bc3 Nd7 25. Rh1 Ke7 26. Rxh7 b5 27.
axb5 axb5 28. Bf6+ Nxf6 29. gxf6+ Kf8 30. Nc5 Ke8 31. Bxe6 Rf8 32. Bd7+ Kd8 33.
Bxc6 1-0

[Event "I Weekend A"]
[Site "Noale ITA"]
[Date "2008.02.09"]
[Round "2"]
[White "Marchiori, Diego"]
[Black "Coqueraut, Jean Dominique"]
[Result "1-0"]
[WhiteElo "2077"]
[BlackElo "2013"]
[PlyCount "109"]
[EventDate "2008.02.08"]

1. e4 d6 2. d4 e5 3. dxe5 dxe5 4. Qxd8+ Kxd8 5. Bc4 f6 6. Nc3 c6 7. f4 Bd6 8.
fxe5 Bxe5 9. Nf3 Ke7 10. Nxe5 fxe5 11. Be3 b6 12. Nd5+ cxd5 13. Bxd5 Nc6 14.
Bxc6 Rb8 15. O-O-O Nf6 16. Bg5 Be6 17. Bd5 h6 18. Bh4 Rbc8 19. b3 Rc7 20. Bg3
Nd7 21. Bxe6 Kxe6 22. Rd5 Rc5 23. c4 Rf8 24. Re1 b5 25. Red1 Rxd5 26. exd5+ Kd6
27. Kd2 bxc4 28. bxc4 Rc8 29. Rc1 Nb6 30. c5+ Rxc5 31. Bxe5+ Kxd5 32. Rxc5+
Kxc5 33. Bxg7 Nc4+ 34. Kc3 h5 35. Bd4+ Kd5 36. Bxa7 Nd6 37. a4 Nf5 38. Bf2 Kc6
39. Kb4 Nd6 40. a5 Kb7 41. Bb6 Ka6 42. Be3 Kb7 43. Kc5 Nf5 44. Bf2 Ka6 45. Be1
Ne3 46. g3 Ng4 47. h4 Ne5 48. Kd5 Nd3 49. Bd2 Kb5 50. Ke4 Nc5+ 51. Kf5 Ka6 52.
Kg6 Ne4 53. Be1 Nc5 54. Kxh5 Nd3 55. Bc3 1-0

[Event "I Weekend A"]
[Site "Noale ITA"]
[Date "2008.02.09"]
[Round "2"]
[White "Mateo, Ramon"]
[Black "Cacco, Christian"]
[WhiteElo "2484"]
[BlackElo "2284"]
[Result "1-0"]
[PlyCount "135"]
[EventDate "2008.02.08"]

1. e4 c5 2. Nf3 e6 3. d4 cxd4 4. Nxd4 Nf6 5. Nc3 d6 6. g4 h6 7. g5 hxg5 8. Bxg5
a6 9. h4 Nbd7 10. Bh3 Qa5 11. Qe2 Ne5 12. f4 Nc6 13. Nb3 Qc7 14. O-O-O Nh7 15.
f5 Nxg5 16. hxg5 g6 17. Nd4 Nxd4 18. Rxd4 Rh5 19. Qd2 Bd7 20. Bg2 Rxh1+ 21.
Bxh1 O-O-O 22. f6 Qc5 23. Bg2 Kb8 24. a3 Rc8 25. Kb1 Qe5 26. Rd3 Bc6 27. Rh3
Rd8 28. Rh7 Rd7 29. Rh4 Rd8 30. Rh8 Kc7 31. Rh7 Rd7 32. Nd5+ exd5 33. exd5 Bb5
34. a4 Bc4 35. b3 Qe2 36. Qxe2 Bxe2 37. Bh3 Rd8 38. Rxf7+ Kb6 39. Be6 a5 40.
Kb2 Bf3 41. c4 Be4 42. Kc3 Rb8 43. b4 Bb1 44. Rg7 Ra8 45. Rg8 axb4+ 46. Kxb4
Kc7 47. Rg7+ Bxg7 48. fxg7 b6 49. g8=Q Rxg8 50. Bxg8 Kb7 51. Be6 Bc2 52. Bd7
Kc7 53. Bb5 Bf5 54. a5 bxa5+ 55. Kxa5 Be4 56. Be8 Bf5 57. Kb5 Be4 58. Bf7 Bd3
59. Kb4 Kb6 60. Kc3 Bf5 61. Kd4 Kc7 62. Be8 Bc2 63. c5 Bf5 64. Bb5 dxc5+ 65.
Kxc5 Bc2 66. d6+ Kd8 67. Kd5 Bb1 68. Ke5 1-0

[Event "I Weekend A"]
[Site "Noale ITA"]
[Date "2008.02.09"]
[Round "2"]
[White "Omeri, Silvan"]
[Black "Vianello, Enrico"]
[Result "1-0"]
[WhiteElo "2191"]
[BlackElo "2161"]
[PlyCount "107"]
[EventDate "2008.02.08"]

1. e4 d6 2. d4 Nf6 3. Bd3 e5 4. d5 Be7 5. c4 O-O 6. Nc3 c6 7. Nge2 Na6 8. f3
Nc5 9. Bc2 a5 10. O-O Qb6 11. Be3 Qa6 12. b3 cxd5 13. exd5 Bd7 14. a4 Qb6 15.
Kh1 Qc7 16. Ng3 Ne8 17. Bf5 g6 18. Bxd7 Nxd7 19. Nb5 Qd8 20. Bh6 Ng7 21. Ne4
Ra6 22. Qd2 f5 23. Ng5 Nc5 24. Rab1 Re8 25. f4 Bxg5 26. Bxg5 Ne4 27. Bxd8 Nxd2
28. Bc7 e4 29. Nxd6 Re7 30. Nb5 Ne8 31. Be5 Rd7 32. Rfd1 Nxb1 33. Rxb1 Kf7 34.
Kg1 Ra8 35. Kf2 Nf6 36. h3 Rg8 37. Nd4 Re7 38. Ke3 Nd7 39. Bc7 Ra8 40. Nb5 Kg8
41. Bd6 Rf7 42. Nc7 Rc8 43. Ne6 h6 44. g4 Kh7 45. Rc1 b6 46. Bc7 Re7 47. Rd1
Rf7 48. g5 h5 49. d6 Re8 50. Nd8 Rff8 51. Nc6 Re6 52. Rd5 Nc5 53. Nd4 Rc8 54.
Bxb6 1-0

[Event "I Weekend A"]
[Site "Noale ITA"]
[Date "2008.02.09"]
[Round "2"]
[White "Pomaro, Alberto"]
[Black "Vezzosi, Paolo"]
[Result "0-1"]
[WhiteElo "2153"]
[BlackElo "2343"]
[PlyCount "86"]
[EventDate "2008.02.08"]

1. e4 c5 2. Nf3 Nc6 3. d4 cxd4 4. Nxd4 Qc7 5. Nc3 e6 6. Be3 Nf6 7. Qd2 Bb4 8.
f3 d5 9. O-O-O Nxd4 10. Qxd4 Bxc3 11. Qxc3 Qxc3 12. bxc3 dxe4 13. fxe4 Bd7 14.
e5 Nd5 15. Bd4 Bc6 16. c4 Nf4 17. Bc5 Ng6 18. Re1 h5 19. Rg1 h4 20. g3 hxg3 21.
hxg3 Rh5 22. Bd6 Rd8 23. Bd3 Ne7 24. g4 Rh4 25. Bc5 Nc8 26. g5 g6 27. Ref1 b6
28. Bxg6 bxc5 29. Bxf7+ Kd7 30. g6 Ne7 31. g7 Rxc4 32. Rf6 Bd5 33. g8=Q Nxg8
34. Bxg8 Re8 35. Rf7+ Kc6 36. Rxa7 Be4 37. Ra6+ Kd5 38. Rd6+ Kxe5 39. Rd2 Ra8
40. c3 Rxc3+ 41. Kb2 Rca3 42. Ra1 Bd5 43. Re1+ Kf6 0-1

[Event "I Weekend A"]
[Site "Noale ITA"]
[Date "2008.02.09"]
[Round "2"]
[White "Rigo, Gianfrancesco"]
[Black "Dussin, Davide"]
[Result "1-0"]
[WhiteElo "2031"]
[BlackElo "1899"]
[PlyCount "121"]
[EventDate "2008.02.08"]

1. e4 c6 2. d4 d5 3. exd5 cxd5 4. Bd3 Nc6 5. c3 Nf6 6. Bf4 Bg4 7. Qb3 Qb6 8.
Qxb6 axb6 9. Nd2 e6 10. Ngf3 Be7 11. O-O O-O 12. Rfe1 Rac8 13. h3 Bh5 14. g4
Bg6 15. Bxg6 hxg6 16. Ne5 Rfd8 17. Ndf3 Ne4 18. Re2 b5 19. a3 Na5 20. Nd2 Nxd2
21. Bxd2 Nb3 22. Rd1 Nxd2 23. Rdxd2 Bg5 24. Rd1 Bf4 25. Nd3 Bd6 26. Kg2 Bxa3
27. bxa3 Rxc3 28. Ne5 Ra8 29. Re3 Raxa3 30. Rxc3 Rxc3 31. Rb1 f6 32. Nf3 Rc6
33. Rxb5 b6 34. Rb3 Kf7 35. g5 Ke7 36. Kg3 Kd6 37. Kf4 Ke7 38. h4 Kd6 39. Rb4
Ke7 40. Ne1 Rc1 41. Nf3 Rc6 42. Nd2 Kd6 43. Nf3 Ke7 44. Rb2 Kd6 45. Ra2 b5 46.
Rb2 Rb6 47. Rb4 Ke7 48. Nh2 Kd6 49. Ng4 Ke7 50. Ke3 Kf7 51. f4 Ke7 52. Nf2 Kd6
53. Nd3 Rb8 54. Kf3 Ke7 55. Kg3 Kd7 56. Rb1 Kd6 57. Rb3 Rb6 58. Kg4 Ke7 59. Nc5
b4 60. Nd3 Kd6 61. Rxb4 1-0

[Event "I Weekend A"]
[Site "Noale ITA"]
[Date "2008.02.09"]
[Round "2"]
[White "Ruggeri, Pietro"]
[Black "Scali, Fausto"]
[WhiteElo "2112"]
[BlackElo "2029"]
[Result "0-1"]
[PlyCount "50"]
[EventDate "2008.02.08"]

1. d4 d5 2. Nf3 Nf6 3. Bf4 c5 4. c3 e6 5. e3 Nc6 6. Nbd2 Bd6 7. Bg3 O-O 8. Be2
Re8 9. O-O Bxg3 10. hxg3 Qd6 11. dxc5 Qxc5 12. c4 b6 13. Rc1 Bb7 14. cxd5 Qxd5
15. Qa4 Ne5 16. Rfd1 Bc6 17. Qc2 Rac8 18. Nc4 Nxf3+ 19. Bxf3 Qc5 20. b4 Qxb4
21. Nd6 Bxf3 22. Qxc8 Bxd1 23. Nxe8 Qe1+ 24. Kh2 Ng4+ 25. Kh3 Qh1# 0-1

[Event "I Weekend A"]
[Site "Noale ITA"]
[Date "2008.02.09"]
[Round "2"]
[White "Scalcione, Michelangelo"]
[Black "Xia, Jie"]
[Result "1-0"]
[WhiteElo "2431"]
[BlackElo "2222"]
[PlyCount "77"]
[EventDate "2008.02.08"]

1. Nf3 Nf6 2. c4 g6 3. Nc3 Bg7 4. e4 d6 5. d4 O-O 6. Be2 e5 7. d5 a5 8. Bg5 h6
9. Bh4 Na6 10. Nd2 Qe8 11. Rb1 Bd7 12. b3 Nc5 13. O-O Nh7 14. a3 f5 15. f3 h5
16. Qc2 Bh6 17. Bf2 g5 18. b4 axb4 19. axb4 Na6 20. c5 g4 21. c6 bxc6 22. dxc6
Be6 23. exf5 Bxf5 24. Bd3 Bxd2 25. Bxf5 Rxf5 26. Qxf5 Bxc3 27. b5 Nc5 28. fxg4
hxg4 29. Qxg4+ Kh8 30. Qc4 Bd2 31. Rbd1 Bf4 32. Bxc5 dxc5 33. Rd7 Nf6 34. Rf7
Ra5 35. Qb3 Ra3 36. Qxa3 Qxf7 37. g3 Ne4 38. gxf4 Qg8+ 39. Kh1 1-0

[Event "I Weekend A"]
[Site "Noale ITA"]
[Date "2009.06.11"]
[Round "2"]
[White "Verducci, Gianni"]
[Black "Cardili, Mariano"]
[Result "1-0"]
[WhiteElo "2018"]
[BlackElo "2097"]
[PlyCount "101"]
[EventDate "2008.02.08"]

1. e4 e6 2. d4 d5 3. Nc3 Nf6 4. Bg5 Be7 5. e5 Nfd7 6. h4 Bxg5 7. hxg5 Qxg5 8.
Nh3 Qe7 9. Qg4 g6 10. Bd3 h5 11. Qg3 Nc6 12. Nb5 Nb6 13. O-O-O a6 14. Nc3 Bd7
15. Qf4 O-O-O 16. Ng5 Rdf8 17. Qe3 Kb8 18. f4 Nb4 19. Be2 Na4 20. Kb1 Nxc3+ 21.
Qxc3 Bb5 22. Bf3 Bd7 23. a3 Nc6 24. Be2 Rc8 25. Rh3 Na7 26. Rdh1 c5 27. g4 cxd4
28. Qxd4 Bb5 29. Bxb5 Nxb5 30. Qb4 Qd7 31. gxh5 Rc4 32. Qd2 Rhc8 33. h6 Qc7 34.
R1h2 Rd4 35. Rd3 Rc4 36. h7 Rh8 37. Qe3 Qe7 38. Rb3 Rc6 39. Rb4 Nc7 40. Qb3 Ne8
41. Rxb7+ Qxb7 42. Qxb7+ Kxb7 43. Nxf7 Rxh7 44. Rxh7 Kb6 45. Rh6 Rc4 46. Rxg6
Nc7 47. f5 Rf4 48. fxe6 Rf5 49. e7+ Kc5 50. Rf6 Rh5 51. Rxa6 1-0

[Event "I Weekend A"]
[Site "Noale ITA"]
[Date "2008.02.09"]
[Round "3"]
[White "Cacco, Christian"]
[Black "Gallo, Enrico"]
[Result "1-0"]
[WhiteElo "2284"]
[BlackElo "2066"]
[PlyCount "69"]
[EventDate "2008.02.08"]

1. d4 e6 2. Nf3 c5 3. c4 cxd4 4. Nxd4 Nc6 5. Nc2 Nf6 6. Nc3 a6 7. Bg5 Bc5 8. e3
h6 9. Bh4 g5 10. Bg3 h5 11. Bd6 Bxd6 12. Qxd6 Qe7 13. Qd2 Qc5 14. Be2 d5 15.
cxd5 exd5 16. O-O Be6 17. Nd4 Nxd4 18. exd4 Qe7 19. Qxg5 Rg8 20. Qf4 Rg6 21.
Rfe1 Kf8 22. Bd3 Rg7 23. Re3 Rd8 24. Rae1 Kg8 25. Bf5 Ng4 26. Rf3 Rg5 27. h3
Nh6 28. Rg3 Rxg3 29. Qxg3+ Kf8 30. Bxe6 fxe6 31. Qg6 Nf7 32. Rxe6 Qh4 33. Rf6
Rd7 34. Ne2 Re7 35. Rf4 1-0

[Event "I Weekend A"]
[Site "Noale ITA"]
[Date "2008.02.09"]
[Round "3"]
[White "Cardili, Mariano"]
[Black "Bozzao, Francesco"]
[Result "1-0"]
[WhiteElo "2097"]
[BlackElo "1917"]
[PlyCount "55"]
[EventDate "2008.02.08"]

1. d4 Nf6 2. c4 e6 3. Nc3 Bb4 4. e3 b6 5. Nf3 Bb7 6. Bd3 O-O 7. O-O d5 8. Qe2
Nbd7 9. a3 Bxc3 10. bxc3 Ne4 11. Bb2 c5 12. cxd5 exd5 13. c4 cxd4 14. Nxd4 Ndc5
15. Rfd1 Na4 16. Bxe4 Nxb2 17. Qxb2 dxe4 18. Ne6 fxe6 19. Rxd8 Raxd8 20. h3 Rf5
21. a4 Ba6 22. Qc2 Rc5 23. Qxe4 Bxc4 24. Qb7 Rd2 25. Qxa7 Rf5 26. Qb8+ Kf7 27.
Qc7+ Kf8 28. Qxc4 1-0

[Event "I Weekend A"]
[Site "Noale ITA"]
[Date "2008.02.09"]
[Round "3"]
[White "Coqueraut, Jean Dominique"]
[Black "Codenotti, Marco"]
[Result "0-1"]
[WhiteElo "2013"]
[BlackElo "1992"]
[PlyCount "96"]
[EventDate "2008.02.08"]

1. d4 Nf6 2. c4 g6 3. Nc3 Bg7 4. e4 d6 5. f4 O-O 6. Be2 c5 7. d5 b5 8. cxb5 a6
9. Nf3 axb5 10. Bxb5 Nxe4 11. Nxe4 Qa5+ 12. Qd2 Qxb5 13. Nc3 Qc4 14. Kf2 Na6
15. Qe2 Qxe2+ 16. Kxe2 Nb4 17. a3 Bxc3 18. bxc3 Nxd5 19. Kd3 Ra4 20. g3 Bf5+
21. Kd2 Rfa8 22. Re1 e6 23. Bb2 Nb6 24. Kc1 Nc4 25. Nd2 Nxa3 26. Bxa3 Rxa3 27.
Rxa3 Rxa3 28. Kb2 Ra6 29. Nc4 d5 30. Ne5 Rb6+ 31. Ka3 Bc2 32. Rc1 Be4 33. Re1
Kg7 34. Re3 h5 35. h4 Rd6 36. Ng4 Ra6+ 37. Kb2 Bf5 38. Ne5 Rd6 39. Re1 f6 40.
Nf3 d4 41. cxd4 cxd4 42. Nd2 Rc6 43. Rc1 Rxc1 44. Kxc1 e5 45. fxe5 fxe5 46. Nf3
Kf6 47. Kd2 Ke6 48. Ng5+ Kd5 0-1

[Event "I Weekend A"]
[Site "Noale ITA"]
[Date "2008.02.09"]
[Round "3"]
[White "Djuric, Stefan"]
[Black "Gromovs, Sergejs"]
[WhiteElo "2448"]
[BlackElo "2378"]
[Result "1-0"]
[PlyCount "95"]
[EventDate "2008.02.08"]

1. e4 d6 2. d4 Nf6 3. Nc3 g6 4. Nf3 Bg7 5. Be2 O-O 6. O-O c6 7. Re1 Bg4 8. d5
Bxf3 9. Bxf3 Nbd7 10. Bg5 Qb6 11. Rb1 Rac8 12. Be3 Qa5 13. dxc6 bxc6 14. b4 Qc7
15. Bd4 e5 16. Be3 Nb6 17. Qd3 Rfd8 18. Red1 Qe7 19. Qa6 Rb8 20. a4 d5 21. Bc5
Qe6 22. a5 Nc8 23. b5 Nd7 24. Ba3 cxb5 25. Qxe6 fxe6 26. exd5 Bf8 27. Bxf8 Nxf8
28. Rxb5 Rxb5 29. Nxb5 exd5 30. Rxd5 Re8 31. h4 h5 32. Be4 Kg7 33. Rc5 Ne6 34.
Rc6 a6 35. Nc7 Nxc7 36. Rxc7+ Kf6 37. Rc6+ Ke7 38. Bxg6 Rh8 39. Rxa6 Nd6 40. g3
e4 41. Ra7+ Kf6 42. Rd7 Ke6 43. Rc7 Kd5 44. c4+ Kd4 45. a6 Ra8 46. a7 Nc8 47.
Rd7+ Ke5 48. Rd8 1-0

[Event "I Weekend A"]
[Site "Noale ITA"]
[Date "2008.02.09"]
[Round "3"]
[White "Dussin, Davide"]
[Black "Solinas, Carlo"]
[Result "0-1"]
[WhiteElo "1899"]
[BlackElo "2047"]
[PlyCount "46"]
[EventDate "2008.02.08"]

1. d4 Nf6 2. c4 g6 3. Nc3 Bg7 4. e4 d6 5. f3 O-O 6. Be3 Nc6 7. Bd3 e5 8. d5 Nd4
9. Nge2 Nd7 10. O-O f5 11. Rc1 c5 12. dxc6 bxc6 13. Bb1 c5 14. Nd5 f4 15. Bf2
Nb6 16. Qd3 Nxd5 17. cxd5 a5 18. Qd2 g5 19. Bd3 g4 20. Nxd4 exd4 21. Kh1 Be5
22. a3 g3 23. Bg1 Rf6 0-1

[Event "I Weekend A"]
[Site "Noale ITA"]
[Date "2008.02.09"]
[Round "3"]
[White "Genocchio, Daniele"]
[Black "Cecchetto, Vanni"]
[WhiteElo "2425"]
[BlackElo "1956"]
[Result "1-0"]
[PlyCount "65"]
[EventDate "2008.02.08"]

1. e4 c5 2. Nf3 a6 3. c3 Nf6 4. e5 Nd5 5. d4 cxd4 6. cxd4 e6 7. Nc3 Nxc3 8.
bxc3 d6 9. Bd3 dxe5 10. Nxe5 Nd7 11. Nf3 Nf6 12. O-O Be7 13. Re1 O-O 14. Ne5
Qc7 15. Re3 b5 16. Rh3 g6 17. Bg5 Bb7 18. Qd2 Ne4 19. Bxe4 Bxg5 20. Qxg5 Bxe4
21. Ng4 f5 22. Nf6+ Rxf6 23. Qxf6 Qc6 24. Qe7 h5 25. Qf6 Kh7 26. Qf7+ Kh6 27.
Rg3 e5 28. dxe5 Re8 29. Re1 Qe6 30. Qxe6 Rxe6 31. f4 h4 32. Rge3 Rd6 33. exd6
1-0

[Event "I Weekend A"]
[Site "Noale ITA"]
[Date "2008.02.09"]
[Round "3"]
[White "Lazic, Miroljub"]
[Black "Scalcione, Michelangelo"]
[Result "1/2-1/2"]
[WhiteElo "2512"]
[BlackElo "2431"]
[PlyCount "59"]
[EventDate "2008.02.08"]

1. e4 d6 2. d4 Nf6 3. Nc3 e5 4. Nge2 exd4 5. Nxd4 Be7 6. g3 d5 7. e5 Ng4 8. f4
O-O 9. Bg2 c5 10. Nb3 d4 11. Nd5 Nc6 12. O-O Nh6 13. c3 Bg4 14. Bf3 Bxf3 15.
Qxf3 dxc3 16. bxc3 c4 17. Nd2 Bc5+ 18. Kh1 Qa5 19. Nxc4 Qa6 20. Nce3 Rad8 21.
Rd1 Qa4 22. Bb2 Rfe8 23. c4 f6 24. exf6 Bxe3 25. Ne7+ Kf7 26. Rxd8 Rxd8 27.
Qxe3 Rd1+ 28. Rxd1 Qxd1+ 29. Qg1 Qf3+ 30. Qg2 1/2-1/2